000 00475nam a22001937a 4500
003 MPLRDC
005 20220104154220.0
008 210129b ||||| |||| 00| 0 eng d
020 _a957-645-864-1
082 _a857.621 NK-57 v.1
100 _a倪匡
245 _a水中宝盒
_c
250 _a初版
260 _a
_b风云时代出版社
_c1998
300 _b
490 _a倪匡探案修订新版. 01
650 _a科幻小说
942 _cBK
_o857.621 NK-57 v.1
999 _c53861
_d53851